Textbook of Biochemistry

Guardat en:
Dades bibliogràfiques
Autor principal: LAL, Harbans Pandey, Rajesh
Format: Llibre
Idioma:anglès
Publicat: CBS Publishers 2017
Etiquetes: Afegir etiqueta
Sense etiquetes, Sigues el primer a etiquetar aquest registre!

MARC

LEADER 00000nam a22000007a 4500
008 230731b |||||||| |||| 00| 0 eng d
020 |a 9789385915796 
100 |a LAL, Harbans  |a Pandey, Rajesh 
245 |a Textbook of Biochemistry  |c Lal Harbans, Rajesh Pandey  |g xv, 614p;ill 
250 Q |b 3rd 
260 |b CBS Publishers  |c 2017  |h New Delhi  |i 700169  |i 700170  |l QP514.L15  |m Biochemistry 
500 |a it includes index 
942 |a lcc  |c BK  |e Johnson  |f 31/07/23 
952 |0 0  |1 0  |2 lcc  |4 0  |7 0  |9 4329  |a SL  |b HOL  |c QZ  |d 2023-07-31  |l 0  |p 2023-0255  |r 2023-07-31 00:00:00  |t 700169  |w 2023-07-31  |y BK 
952 |0 0  |1 0  |2 lcc  |4 0  |7 0  |9 4330  |a HOL  |b HOL  |c QZ  |d 2023-07-31  |l 0  |p 2023-0336  |r 2023-07-31 00:00:00  |t 700170  |w 2023-07-31  |y BK 
999 |c 2175  |d 2175